Catálogo
 En Linea
Vista normal Vista MARC

Entrada Nombre personal

Número de registros utilizados en: 1

001 - NÚMERO DE CONTROL

  • campo de control: 86936

003 - IDENTIFICADOR DEL NÚMERO DE CONTROL

  • campo de control: DO-SdBNP

005 - FECHA Y HORA DE LA ÚLTIMA TRANSACCIÓN

  • campo de control: 20250203072541.0

008 - DATOS DE LONGITUD FIJA

  • campo de control de longitud fija: 250203|| aca||aabn | a|a d

040 ## - FUENTE DE LA CATALOGACIÓN

  • Centro catalogador/agencia de origen: DO-SdBNP

100 ## - ENCABEZAMIENTO-NOMBRE DE PERSONA

  • Nombre de persona: Mateo, Felíx

370 ## - LUGAR ASOCIADO

  • Otro lugar asociado: Santo Domingo, República Dominicana

373 ## - GRUPO ASOCIADO

  • Grupo asociado: Gas, Energía & Minas

375 ## - GÉNERO/SEXO

  • Género/Sexo: Masculino

Con tecnología Koha